Efectos del concurso preventivo (Registro nro. 3395)

Detalles MARC
000 -LEADER
fixed length control field 01470 a2200229 4500
001 - CONTROL NUMBER
control field 41173
005 - DATE AND TIME OF LATEST TRANSACTION
control field 20260407155705.0
008 - FIXED-LENGTH DATA ELEMENTS--GENERAL INFORMATION
fixed length control field 260407a2001 arg spa d
003 - CONTROL NUMBER IDENTIFIER
control field AR-UNSa-BCEJYS
040 ## - CATALOGING SOURCE
Original cataloging agency AR-UNSa-BCEJYS
Language of cataloging spa
Transcribing agency AR-UNSa-BCEJYS
080 ## - UNIVERSAL DECIMAL CLASSIFICATION NUMBER
Universal Decimal Classification number 347.736
Common auxiliary subdivision Quiebra. Insolvencia. Suspensión de pagos. Bancarrota, procedimientos. Derecho Concursal
020 ## - INTERNATIONAL STANDARD BOOK NUMBER
International Standard Book Number 950-894-297-5
041 ## - LANGUAGE CODE
Language code of text/sound track or separate title spa
100 1# - MAIN ENTRY--PERSONAL NAME
Personal name Ciminelli, Juan Carlos
245 10 - TITLE STATEMENT
Title Efectos del concurso preventivo
264 #1 - PRODUCTION, PUBLICATION, DISTRIBUTION, MANUFACTURE, AND COPYRIGHT NOTICE
Place of production, publication, distribution, manufacture Buenos Aires :
Name of producer, publisher, distributor, manufacturer AD-HOC
Date of production, publication, distribution, manufacture, or copyright notice 2001
300 ## - PHYSICAL DESCRIPTION
Extent 318 p.
Dimensions 23 cm.
505 ## - FORMATTED CONTENTS NOTE
Formatted contents note Capítulo I: 1. Principios del derecho concursal - 2. Fuero de atracción - 3. Estado patrimonial de cesación de pagos - 4. Competencia concursal - 5. Sujetos concursables -- Capítulo II: 1. Presentación concursal - 2. Requisitos de la presentación concursal - 3. Cumplimiento de los requisitos -- Capítulo III: 1. Sentencia de apertura del concurso preventivo -- Capítulo IV: 1. Verificación de créditos -- Capítulo V: 1. Incidente de revisión - 2. Verificación tardía - 3. Informe general -- Capítulo VI: 1. Propuesta -- Capítulo VII: 1. Cramdown o salvataje de la empresa por terceros -- Capítulo VIII: 1. Homologación de la propuesta aceptada: acuerdo preventivo -- Capítulo IX: 1. Grupo económico
590 ## - LOCAL NOTE (RLIN)
Local note niveau_biblio:m niveau_hierar:0
856 41 - ELECTRONIC LOCATION AND ACCESS
Uniform Resource Identifier <a href="https://biblioeco.unsa.edu.ar/pmb/images/libros/L126397.jpg">https://biblioeco.unsa.edu.ar/pmb/images/libros/L126397.jpg</a>
Link text Imagen de portada
Electronic format type image/jpeg
942 ## - ADDED ENTRY ELEMENTS (KOHA)
Koha item type
Existencias
Withdrawn status Lost status Damaged status Not for loan Home library Current library Shelving location Date acquired Total checkouts Full call number Barcode Date last seen Price effective from Koha item type
        Biblioteca Prof. Eusebio Cleto del Rey Biblioteca Prof. Eusebio Cleto del Rey   07/04/2026   347.736 C573 L126397 07/04/2026 07/04/2026 Libro